| 000 | 02680cam a2200361 i 4500 | ||
|---|---|---|---|
| 003 | SA_RiAUC | ||
| 005 | 20250421101950.0 | ||
| 008 | 250119s2013____su bo g f000 0dara c | ||
| 020 | _a9786039002185 | ||
| 024 | 0 | _a00000000297371 | |
| 040 |
_aSA-JeALM _bara _cSA-RiAUC _dKAC _erda |
||
| 082 | 0 | 4 |
_a239.40223 _qSA-RiAUC |
| 090 |
_a239.40223 _b ن و ا |
||
| 100 | 1 |
_aنواب، زهير بن عبد الحفيظ _eمؤلف. |
|
| 245 | 1 | 0 |
_aأطلس طريق الهجرة النبوية مع وصف تاريخي جغرافي جيولوجي للطريق / _cإعداد الدكتور زهير عبد الحفيظ نواب، المهندس جمال بن علي شوالي، الجيولوجي محمد بن حامد الرحيلي ؛ تقديم الشيخ صالح بن عواد المغامسي. |
| 250 | _aالطبعة الأولى. | ||
| 264 | 1 |
_aالمملكة العربية السعودية : _aالمدينة المنورة : _aجدة، السعودية : _bهيئة المساحة الجيولوجية السعودية ؛ _bمركز بحوث ودراسات المدينة المنورة ؛ _bدار كنوز المعرفة، _c2013 |
|
| 300 |
_a272 صفحة : _bخرائط، صور ؛ _c30 × 22 سم |
||
| 336 |
_aنص _btxt _2rdacontent _3كتاب |
||
| 337 |
_aبدون وسيط _bn _2rdamedia |
||
| 338 |
_aمجلد _bnc _2rdacarrier |
||
| 500 | _aملاحق : صفحة 233-260. | ||
| 500 | _aاهداء من المؤلف د زهير نواب بتاريخ 15 رمضان 1434 هـ | ||
| 504 | _aببليوجرافية : صفحة 261-264. | ||
| 505 | 0 | _aالمحتويات : كلمة الشيخ صالح بن عواد المغامسي إمام وخطيب مسجد قباء ومدير عام مركز بحوث ودراسات المدينة المنورة بخصوص أطلس طريق الهجرة النبوية مع وصف تاريخي جغرافي جيولوجي للطريق ...-ديانات العرب-صورة طبوغرافية توضح مواقع الأصنام التي ذكرت في القرآن الكريم ...-خريطة جيولوجية لطريق الهجرة من ثنية قصيرة إلى ثنية مجاح-جيولوجية المنطقة من وادي لقف إلى ثنية كشر ...-خريطة جيولوجية للمدينة المنورة ...وموضوعات أخرى. | |
| 650 | 7 |
_aهجرة الرسول _vأطالس _2aucsh |
|
| 650 | 7 |
_aالسيرة النبوية _vأطالس _2aucsh |
|
| 700 | 1 |
_aشوالي، جمال علي _eمؤلف. |
|
| 700 | 1 |
_aالرحيلي، محمد حامد _eمؤلف. |
|
| 700 | 1 |
_aالمغامسي، صالح بن عواد _eمقدم. |
|
| 942 |
_2ddc _cBOOK _n0 |
||
| 949 |
_aSA-JeALM _d250119 _uosman123 _n1 |
||
| 999 |
_c7289 _d7289 |
||